000
00255nam a22001217a 4500
082
_a
425
_b
UNI/R
245
_a
REFLECTIONS
250
_a
1994
260
_a
KERALA
_b
BHASKARAN NAIR, P.V
300
_a
79
650
_a
ANTHOLOGY OF PROSE
_z
KERALA
942
_c
BK
999
_c
3929
_d
3929